Normal view
MARC view
- Aadil Jaleel Choudhry
Entry Personal Name
001 - CONTROL NUMBER
- control field: 92448
003 - CONTROL NUMBER IDENTIFIER
- control field: NUST
005 - DATE AND TIME OF LATEST TRANSACTION
- control field: 20220703151654.0
008 - FIXED-LENGTH DATA ELEMENTS
- fixed length control field: 220703|| aca||aabn | a|a d
040 ## - CATALOGING SOURCE
- Original cataloging agency: NUST
- Transcribing agency: NUST
100 ## - HEADING--PERSONAL NAME
- Personal name: Aadil Jaleel Choudhry
670 ## - SOURCE DATA FOUND
- Source citation: Work cat.: (NUST)13267: Aadil Jaleel Choudhry, Sub-Aquatic Surveillance Robot Navigated by Stereo Visio, 2015
